[Event "Floripa Chess Open 2024"]
[Site "Florianopolis"]
[Date "2024.01.24"]
[Round "6.27"]
[White "De Borba, Gabriel"]
[Black "Da Silva, Lucas Pereira Mende"]
[Result "1-0"]
[WhiteElo "2171"]
[BlackElo "1974"]
[PlyCount "105"]
[EventDate "2024.01.20"]
[EventRounds "10"]
[EventCountry "BRA"]

1. d4 d5 2. Bf4 e6 3. Nc3 Nf6 4. Nb5 Na6 5. e3 c6 6. Nc3 Nb8 7. Bd3 Nbd7 8. Nf3
Bb4 9. O-O ({RR} 9. a3 Ba5 10. Ne5 Nxe5 11. Bxe5 Bc7 12. f4 O-O 13. O-O Nd7 14.
Qh5 g6 15. Qh6 Nxe5 16. fxe5 f5 17. g4 Qe7 18. gxf5 exf5 19. Ne2 Bd8 20. Nf4
Qg5+ 21. Qxg5 Bxg5 22. Kf2 Bd7 23. Rg1 Bh4+ {Eilers,S (2300)-Goltsev,D (2269)
chess.com INT 2023 1-0 (84)}) 9... O-O 10. a3 $146 ({RR} 10. h3 c5 11. Nb5 c4
12. Be2 Ne8 13. a3 Be7 14. Nc3 Nd6 15. Re1 Nf6 16. Nd2 b5 17. Bf3 Bb7 18. b4 a6
19. a4 Qd7 20. Qb1 Bc6 21. axb5 axb5 22. Qb2 Qb7 23. Rxa8 Rxa8 24. Ra1 Ra6 {
Jobava,B (2603)-Oliveira,S (2321) chess.com INT 2021 0-1 (43)}) ({RR} 10. h3 c5
11. Nb5 c4 12. Be2 Ne8 13. a3 Be7 14. Nc3 Nd6 15. Re1 Nf6 16. Nd2 b5 17. Bf3
Bb7 18. b4 a6 19. a4 Qd7 20. Qb1 Bc6 21. axb5 axb5 22. Qb2 Qb7 23. Rxa8 Rxa8
24. Ra1 Ra6 {Jobava,B (2603)-Oliveira,S (2321) chess.com INT 2021 0-1 (43)})
10... Be7 11. e4 dxe4 12. Nxe4 Nxe4 13. Bxe4 Nf6 14. Bd3 b6 15. Qe2 Bb7 16.
Rfd1 Qc8 17. c4 c5 18. d5 exd5 19. Qxe7 dxc4 20. Bxc4 Bxf3 21. gxf3 Qc6 22. Kg2
Nh5 23. Bg3 Qg6 24. Qe4 Qh6 25. Qe3 Qg6 26. Rd6 Nf6 27. Bd3 Qh5 28. Qe5 Qh6 29.
Qf4 Qh5 30. Qf5 Rad8 31. Qxh5 Nxh5 32. Rxd8 Rxd8 33. Rd1 g6 34. Be2 Re8 35. Bc4
Re7 36. Rd8+ Kg7 37. Rc8 Nxg3 38. hxg3 h5 39. f4 Rd7 40. b3 f6 41. Be6 Re7 42.
f5 Kh6 43. Rh8+ Kg7 44. Rd8 gxf5 45. Rd7 Kf8 46. Rxe7 Kxe7 47. Bxf5 Kd6 48. Bg6
Ke5 49. Bxh5 Kd4 50. a4 Kc3 51. Bf7 a6 52. Kf3 b5 53. axb5 1-0

[Event "Floripa Chess Open 2024"]
[Site "Florianopolis"]
[Date "2024.01.24"]
[Round "6.28"]
[White "Zacarias, Rodrigo Medeiros"]
[Black "Perez, Maximiliano"]
[Result "0-1"]
[WhiteElo "2058"]
[BlackElo "2383"]
[PlyCount "124"]
[EventDate "2024.01.20"]
[EventRounds "10"]
[EventCountry "BRA"]

1. e4 g6 2. d4 Bg7 3. Nc3 a6 4. Be3 b5 5. h4 Bb7 6. f3 h6 7. Qd2 e6 8. O-O-O d6
$146 ({RR} 8... Ne7 9. Nh3 d6 10. Nf2 Nd7 11. h5 g5 12. f4 b4 13. Ne2 gxf4 14.
Nxf4 c5 15. dxc5 dxc5 16. Bc4 Qc7 17. Ng4 O-O-O 18. Qe2 Qc6 19. Rhf1 Nb6 20.
Kb1 Nxc4 21. Qxc4 Qxe4 22. Qxc5+ Nc6 23. Nf2 {Sidhant,M (2341)-Salgado Lopez,I
(2641) Dubai 2017 1-0 (53)}) 9. g4 Nd7 10. Bg2 Nb6 11. b3 Nf6 12. g5 hxg5 13.
hxg5 Rxh1 14. gxf6 Rxg1 15. fxg7 Rxd1+ 16. Nxd1 Kd7 17. d5 Qg8 18. Bd4 Re8 19.
Qg5 c5 20. dxe6+ fxe6 21. Bf6 Qf7 22. Ne3 Rg8 23. Ng4 Rxg7 24. Bxg7 Qxg7 25.
Nf6+ Kc8 26. Bh3 Qf7 27. f4 Kc7 28. Qh4 Nd7 29. Nh7 Qg7 30. Ng5 Qa1+ 31. Kd2
Nf6 32. Nxe6+ Kb6 33. Bg2 Bxe4 34. Bxe4 Nxe4+ 35. Ke3 Nf6 36. Kd2 Ne4+ 37. Ke3
Nf6 38. Kd2 b4 39. Nf8 Qd4+ 40. Kc1 Kc6 41. Qh3 Qxf4+ 42. Kb1 Qe4 43. Qc8+ Kd5
44. Qb7+ Kd4 45. Qxe4+ Nxe4 46. Nxg6 a5 47. Nf4 Nc3+ 48. Kb2 a4 49. bxa4 Nxa4+
50. Kb3 Nc3 51. a4 Nxa4 52. Ne2+ Ke3 53. Ng3 Kd4 54. Ne2+ Ke3 55. Ng3 Kf4 56.
Nh5+ Kg5 57. Ng3 Nc3 58. Kc4 Kf4 59. Nh5+ Ke3 60. Nf6 Kd2 61. Kb3 Kc1 62. Nd7
Ne2 0-1

[Event "Floripa Chess Open 2024"]
[Site "Florianopolis"]
[Date "2024.01.24"]
[Round "6.29"]
[White "Moura, Eduardo Eugenio Cha"]
[Black "Piccoli, Lucas Fonseca"]
[Result "1-0"]
[WhiteElo "2055"]
[BlackElo "2263"]
[PlyCount "53"]
[EventDate "2024.01.20"]
[EventRounds "10"]
[EventCountry "BRA"]

1. e4 c5 2. d4 cxd4 3. c3 Nf6 4. e5 Nd5 5. Nf3 Nc6 6. cxd4 d6 7. Bc4 dxe5 8.
Nxe5 e6 9. O-O Be7 10. Nf3 O-O 11. Nc3 Nxc3 12. bxc3 b6 13. Bd3 Bb7 14. Re1 Rc8
15. Bd2 Bf6 16. h4 Na5 17. Ng5 g6 $146 ({RR} 17... Bxg5 18. hxg5 Nc4 19. Bf4 e5
20. Bxe5 Qxg5 21. Bg3 f5 22. Qe2 Bd5 23. Qe7 Qxe7 24. Rxe7 f4 25. Bh4 h6 26. f3
Rf7 27. Rxf7 Kxf7 28. Bxc4 Rxc4 29. Be1 Ra4 30. a3 g5 31. Bd2 Bc4 32. Kf2 {
Pourramezanali,A (2535)-Kokarev,D (2608) St Petersburg RUS 2018 1/2-1/2 (83)})
18. Qg4 Nc4 19. Bc1 Nd6 20. h5 Rxc3 21. hxg6 hxg6 22. Qh4 Re8 23. Qh7+ Kf8 24.
Nxe6+ Rxe6 25. Rxe6 Bg7 26. Bh6 Bxh6 27. Qh8# 1-0

[Event "Floripa Chess Open 2024"]
[Site "Florianopolis"]
[Date "2024.01.24"]
[Round "6.30"]
[White "Bastos Seixas, Pedro Lucas"]
[Black "Pires, Marcos Vinicius Tor"]
[Result "1/2-1/2"]
[WhiteElo "2049"]
[BlackElo "2253"]
[PlyCount "113"]
[EventDate "2024.01.20"]
[EventRounds "10"]
[EventCountry "BRA"]

1. d4 d5 2. c4 e6 3. Nc3 Nf6 4. Nf3 a6 5. e3 Nbd7 6. Qc2 Be7 7. Bd3 dxc4 8.
Bxc4 b5 9. Be2 Bb7 10. a3 $146 ({RR} 10. b3 c5 11. Bb2 cxd4 12. Nxd4 b4 13. Na4
Bxg2 14. Rg1 Be4 15. Bd3 Rc8 16. Qe2 Qc7 17. Bxa6 Qxh2 18. Rxg7 Rc7 19. Bd3 Bg6
20. Nb5 Rc6 21. Qf3 Rc8 22. Rxg6 hxg6 23. Qb7 O-O 24. Rd1 Ng4 {Diaz,
M-Castaneda,K Guanare 2000 0-1 (38)}) 10... c5 11. dxc5 Nxc5 12. O-O O-O 13.
Rd1 Qc7 14. Bd2 Rac8 15. Rac1 Qb8 16. Be1 Bd6 17. h3 Rfd8 18. b4 Na4 19. Qb3
Nb6 20. a4 bxa4 21. Nxa4 Bd5 22. Qa3 Nc4 23. Bxc4 Bxc4 24. Nc5 Be2 25. Rd2 Bxf3
26. gxf3 Qa8 27. Rcd1 Bxc5 28. Rxd8+ Rxd8 29. Rxd8+ Qxd8 30. bxc5 Qd5 31. Qa5
h6 32. Kg2 Nd7 33. Qd8+ Kh7 34. Bb4 Qb7 35. Qe7 Qxb4 36. Qxd7 Qxc5 37. Qd3+ Qf5
38. Qxa6 Qg5+ 39. Kh2 e5 40. Qc6 f5 41. Qd5 Qf6 42. Kg2 Kg6 43. Qd3 Qg5+ 44.
Kh2 Kh5 45. Qe2 Kh4 46. Qc4+ Kh5 47. Qf7+ g6 48. Qe6 Qh4 49. Kg2 Qg5+ 50. Kh2
f4 51. e4 Kh4 52. Kh1 Qh5 53. Kg2 Qg5+ 54. Kh2 Kh5 55. Kh1 Kh4 56. Kh2 Kh5 57.
Kh1 1/2-1/2

[Event "Floripa Chess Open 2024"]
[Site "Florianopolis"]
[Date "2024.01.24"]
[Round "6.31"]
[White "Kayser, Gustavo Warmling"]
[Black "Rodrigues, Edgar"]
[Result "1/2-1/2"]
[WhiteElo "2029"]
[BlackElo "2233"]
[PlyCount "113"]
[EventDate "2024.01.20"]
[EventRounds "10"]
[EventCountry "BRA"]

1. e4 e6 2. d4 d5 3. Nd2 Nf6 4. e5 Nfd7 5. Bd3 c5 6. c3 Nc6 7. Ne2 a5 8. a4 ({
RR} 8. O-O Be7 9. f4 cxd4 10. cxd4 Nb6 11. Nf3 Bd7 12. g4 a4 13. f5 Nb4 14. Ng3
Nxd3 15. Qxd3 g6 16. Bh6 Rg8 17. f6 Bb4 18. Ng5 Nc4 19. a3 Bf8 20. Bxf8 Rxf8
21. Nxh7 Rh8 22. Ng5 Qb6 {Navara,D (2718)-Bischoff,K (2504) Germany 2014 1-0  
(36)}) ({RR} 8. f4 Qb6 9. Nf3 Be7 10. O-O a4 11. a3 c4 12. Bc2 Qb5 13. Be3 g6
14. Qd2 Na5 15. Rab1 Nb3 16. Qe1 h6 17. g4 Nf8 18. Ng3 Bd7 19. f5 h5 20. h3
hxg4 21. hxg4 gxf5 22. gxf5 exf5 {Pak,Y (2317)-Durarbayli,V (2627) chess.com
INT 2023 0-1 (63)}) 8... Nb6 $146 ({RR} 8... b6 9. f4 Ba6 10. Bxa6 Rxa6 11. Nf3
f5 12. exf6 Nxf6 13. Ne5 Qc7 14. O-O Bd6 15. Qd3 Ra8 16. Qh3 Ke7 17. Re1 Rae8
18. Be3 c4 19. Ng3 Kd8 20. Bd2 Bxe5 21. fxe5 Nd7 22. Rf1 Nf8 23. Rf3 {
Milosavljevic,P (2195)-Kovacevic,B (2350) Pula 1994 1-0 (41)}) ({RR} 8... Qb6
9. Nf3 cxd4 10. cxd4 Bb4+ 11. Bd2 Bxd2+ 12. Qxd2 Qb4 13. Bb5 f6 14. Nf4 Qxd2+
15. Kxd2 Ke7 16. Rhe1 fxe5 17. Bxc6 exf4 18. Bxd5 Ra6 19. Rac1 Rd6 20. Bb3 Kf6
21. Re4 g5 22. h4 h6 23. Rh1 {Hulak,K (2453)-Bukal,V (2403) Karlovac 2017 0-1 
(45)}) 9. f4 cxd4 10. Nxd4 Nxd4 11. cxd4 f5 12. O-O Bd7 13. Nf3 Bb4 14. Bd2
Bxd2 15. Qxd2 O-O 16. b3 Nc8 17. b4 axb4 18. Qxb4 Qa5 19. Rfb1 b6 20. Bb5 Qxb4
21. Rxb4 Bxb5 22. Rxb5 h6 23. Rb4 Rf7 24. Rc1 Rfa7 25. Rc6 Kf7 26. h3 Ke7 27.
Rc2 Kd7 28. Ra2 Ra5 29. Nd2 R5a6 30. Nb3 Ne7 31. Rb5 g5 32. Rc2 Rc8 33. Rxc8
Nxc8 34. a5 gxf4 35. axb6 Rxb6 36. Nc5+ Ke7 37. Rxb6 Nxb6 38. Nd3 f3 39. gxf3
Nc4 40. Kf2 Na3 41. Nf4 Nc2 42. Ne2 Kf7 43. h4 Ke7 44. Kf1 Kd7 45. Kf2 Kc6 46.
Nf4 Nxd4 47. Ke3 Kc5 48. Kd3 Nxf3 49. Nxe6+ Kc6 50. Ke3 Nxh4 51. Kf4 Kd7 52.
Nd4 Kd8 53. Kg3 Ng6 54. Nxf5 h5 55. e6 Kc7 56. e7 Kd7 57. e8=Q+ 1/2-1/2

[Event "Floripa Chess Open 2024"]
[Site "Florianopolis"]
[Date "2024.01.24"]
[Round "6.32"]
[White "Cunha, Lucas Aguiar"]
[Black "Cordero, Daniela"]
[Result "1-0"]
[WhiteElo "2230"]
[BlackElo "2028"]
[PlyCount "83"]
[EventDate "2024.01.20"]
[EventRounds "10"]
[EventCountry "BRA"]

1. e4 e6 2. d4 d5 3. e5 c5 4. c3 Nc6 5. Nf3 Nge7 6. a3 Bd7 7. Bd3 cxd4 8. cxd4
Nf5 9. Bxf5 exf5 10. Nc3 Be6 11. h4 h6 12. b4 ({RR} 12. Be3 Be7 13. b4 Rc8 14.
Na4 O-O 15. Qd2 Re8 16. Bf4 b6 17. Nb2 a5 18. Nd3 axb4 19. axb4 Qd7 20. O-O Ra8
21. h5 Bf8 22. Rfb1 Rec8 23. Qb2 Rxa1 24. Rxa1 Na7 25. Bd2 Nb5 26. Nf4 Qb7 {
Babanin,G (2163)-Lintchevski,D (2542) Sochi RUS 2023 1/2-1/2 (43)}) 12... a6
$146 ({RR} 12... Rc8 13. Qd3 a5 14. b5 Nb8 15. Bd2 Nd7 16. Na4 Be7 17. Qb3 O-O
18. b6 f6 19. Bxa5 g5 20. hxg5 fxg5 21. Rxh6 Rc6 22. Bb4 Kg7 23. Rh5 g4 24.
Bxe7 Qxe7 25. Ng1 Kg6 26. Rh1 f4 27. Ne2 {Pap,M (2397)-Papp,L (2408) Budapest
HUN 2021 1-0 (47)}) 13. Na4 Be7 14. Bf4 Rc8 15. Qd2 a5 16. Nc5 axb4 17. axb4 b6
18. Nxe6 fxe6 19. Rb1 Kf7 20. Kf1 g5 21. hxg5 hxg5 22. Rxh8 Qxh8 23. Bxg5 Qh1+
24. Ng1 Rg8 25. f4 Rxg5 26. fxg5 Kg6 27. Rb3 Bxg5 28. Rg3 Qh4 29. Qf2 f4 30.
Rd3 Qxf2+ 31. Kxf2 Nxb4 32. Rb3 Nc2 33. Nf3 Bd8 34. Rc3 Ne3 35. Rc8 Be7 36. Rc6
b5 37. Rxe6+ Kf7 38. Rb6 b4 39. Ng1 Nc4 40. Rb7 Na5 41. Rb5 Nc6 42. Ne2 1-0

[Event "Floripa Chess Open 2024"]
[Site "Florianopolis"]
[Date "2024.01.24"]
[Round "6.33"]
[White "Gattass, Allan"]
[Black "Dauer, Andre Leonardo"]
[Result "0-1"]
[WhiteElo "2225"]
[BlackElo "2032"]
[PlyCount "74"]
[EventDate "2024.01.20"]
[EventRounds "10"]
[EventCountry "BRA"]

1. d4 e6 2. Nf3 d5 3. c4 c6 4. Nc3 dxc4 5. a4 Bb4 6. e4 b5 7. Be2 Bb7 8. O-O
Bxc3 9. bxc3 a6 10. Qc2 Ne7 11. e5 $146 ({RR} 11. Rb1 Bc8 12. Ba3 O-O 13. Ne5
f6 14. Ng4 Rf7 15. Ne3 Ng6 16. f4 f5 17. g3 Ne7 18. Bf3 Ra7 19. Rfe1 g6 20. Bc5
Rb7 21. Ng2 h6 22. Nh4 Kh7 23. Bg2 Ng8 24. Nf3 Nd7 25. Ne5 Nxe5 {Dimitrov,P  
(2179)-Vladimirov,I (2078) Sunny Beach 2009 1/2-1/2 (44)}) 11... Nd7 12. Ng5 c5
13. Rd1 Qc7 14. f4 h6 15. Ne4 Bxe4 16. Qxe4 Rb8 17. axb5 axb5 18. g4 Nd5 19.
Bd2 cxd4 20. cxd4 c3 21. Be1 b4 22. f5 Nf8 23. Rdc1 g6 24. Bd3 gxf5 25. gxf5
Rg8+ 26. Kh1 b3 27. Rab1 Rg5 28. Qf3 Qa5 29. Bxc3 Nxc3 30. Qc6+ Nd7 31. Rxc3
exf5 32. Bc2 Rg6 33. Qc4 bxc2 34. Rxb8+ Nxb8 35. Qc8+ Qd8 36. Rxc2 Nd7 37. Qc3
Qa8+ 0-1

[Event "Floripa Chess Open 2024"]
[Site "Florianopolis"]
[Date "2024.01.24"]
[Round "6.34"]
[White "Bauza, Alejandro"]
[Black "Costa, Flavio Luis Cesar"]
[Result "1/2-1/2"]
[WhiteElo "2205"]
[BlackElo "1994"]
[PlyCount "109"]
[EventDate "2024.01.20"]
[EventRounds "10"]
[EventCountry "BRA"]

1. Nf3 Nf6 2. g3 g6 3. Bg2 Bg7 4. O-O O-O 5. c4 d6 6. d4 c5 7. Nc3 Nc6 8. dxc5
dxc5 9. Be3 Be6 10. Qa4 Nd4 11. Rac1 Qb6 ({RR} 11... a6 12. Ne5 Rb8 13. Qa3 Qc7
14. Nd3 Rbc8 15. Nxc5 Qxc5 16. Qxc5 Rxc5 17. Bxd4 Rxc4 18. e3 b5 19. b3 Rc7 20.
Be5 Rc5 21. Bd4 Rc7 22. Be5 Rc5 23. Bd4 {1/2-1/2 (23) Pert,N (2548)-Jones,G  
(2670) Tornelo INT 2021}) ({RR} 11... Nd7 12. Bxd4 cxd4 13. Ne4 Nb6 14. Qb4 Rc8
15. b3 Bf5 16. Nh4 Bxe4 17. Bxe4 Qc7 18. Bg2 Qc5 19. Qxc5 Rxc5 20. Bxb7 a5 21.
Ba6 Rd8 22. Rfd1 e5 23. a3 e4 24. b4 axb4 25. axb4 Rc7 26. Ng2 {Chan,K (2350)
-Postlmayer,J (2323) chess.com INT 2023 1/2-1/2 (79)}) 12. Qa3 $146 ({RR} 12.
Nxd4 cxd4 13. c5 Qxc5 14. Nd5 Qd6 15. Bf4 Qd8 16. Nxf6+ Bxf6 17. Bxb7 Bh3 18.
Bc7 Qe8 19. Bc6 Qc8 20. Rfd1 Qf5 21. Bxa8 Rxa8 22. Qc6 Rc8 23. Rc5 Be5 24. Qb7
f6 25. Qd5+ Kf8 26. Rdc1 Qg5 {Borges Matos,J (2355)-Sorin,A (2485) Havana 1988
1-0}) ({RR} 12. b3 Bg4 13. h3 Bxf3 14. exf3 e5 15. f4 Nh5 16. fxe5 Bxe5 17.
Bxd4 Bxd4 18. Nd5 Qd6 19. Kh2 Rfe8 20. Bf3 Bxf2 {0-1 (20) Haas,I-Wolter,T
Stuttgart 1993}) 12... Bxc4 13. Bxd4 cxd4 14. Na4 Qa6 15. Nxd4 Bd5 16. Nc5 Qxa3
17. bxa3 Rfd8 18. Rfd1 Bxg2 19. Kxg2 Rac8 20. Ncb3 Ne4 21. Nf3 Nc3 22. Rxd8+
Rxd8 23. Rc2 b6 24. Nbd4 Bxd4 25. Nxd4 Rxd4 26. Rxc3 Rd2 27. Rc7 Rxe2 28. Rxa7
Rxa2 29. Rb7 Rxa3 30. Rxb6 Kg7 31. h4 h5 32. Rc6 Rd3 33. Ra6 Rd6 34. Ra8 e5 35.
Re8 Kf6 36. Kf3 Kf5 37. Ke3 Ra6 38. Re7 f6 39. Rg7 Ra3+ 40. Ke2 g5 41. hxg5
fxg5 42. Rh7 Kg4 43. Re7 Ra5 44. Re8 h4 45. gxh4 gxh4 46. Rg8+ Kf5 47. Rf8+ Ke4
48. Rh8 Ra2+ 49. Kf1 Kf3 50. Rf8+ Kg4 51. Kg2 e4 52. Rg8+ Kf4 53. Rf8+ Kg4 54.
Rg8+ Kf4 55. Rf8+ 1/2-1/2

[Event "Floripa Chess Open 2024"]
[Site "Florianopolis"]
[Date "2024.01.24"]
[Round "6.35"]
[White "Aranha Filho, Alvaro Z."]
[Black "Seccafim, Caic Dos Santos"]
[Result "1/2-1/2"]
[WhiteElo "2201"]
[BlackElo "1986"]
[PlyCount "46"]
[EventDate "2024.01.20"]
[EventRounds "10"]
[EventCountry "BRA"]

1. Nf3 {Wahls,M} Nf6 2. c4 g6 3. Nc3 Bg7 4. e4 d6 5. d4 O-O 6. h3 e5 7. dxe5
dxe5 8. Qxd8 Rxd8 9. Nd5 Nxd5 ({RR} 9... Na6 10. Bg5 Rd6) 10. cxd5 c6 11. Bc4
cxd5 ({RR} 11... b5 12. Bb3 Bb7 13. Bg5 Re8 14. Rd1 Nd7 15. Be3 c5 16. a4 c4
17. Ba2 a6 18. O-O Bf8 19. Rc1 Bc5 20. Bd2 Nb6 21. b3 Ba3 22. Rb1 f5 23. a5
fxe4 24. axb6 exf3 25. bxc4 fxg2 26. Rfe1 {Pham Le Thao Nguyen (2395)-Urazayev,
A (2478) chess.com INT 2023 1/2-1/2 (81)}) 12. Bxd5 Na6 13. Bg5 Re8 14. O-O
$146 ({RR} 14. O-O-O Nb4 15. Bb3 a5 16. a3 a4 17. Bc4 Nc6 18. Kb1 Nd4 19. Be3
Be6 20. Bxe6 Rxe6 21. Ne1 b5 22. Nd3 Rc8 23. Bxd4 exd4 24. Rhe1 Rec6 25. Rc1
Bh6 26. Rxc6 Rxc6 27. Rd1 f5 28. e5 Kf7 {Nogerbek,K (2356)-Taichman,O (2293)
chess.com INT 2021 1-0 (49)}) ({RR} 14. Ke2 Nc7 15. Bb3 Be6 16. Rhc1 Bxb3 17.
axb3 ({RR} 17. Rxc7 Ba4 18. Rxb7 Bc6 19. Rb4 a5) 17... Nb5 18. Rc5 a6 19. Rd1
f6 20. Be3 Rad8 21. Rcd5 Rxd5 22. Rxd5 {1/2-1/2 (22) Grivas,E (2435)-Georgiev,
K (2470) Kavala 1990 CBM 021 [Wahls,M]}) 14... Nb4 15. Bc4 Be6 16. Rfc1 Bxc4
17. Rxc4 Nc6 18. Rd1 f6 19. Be3 Red8 20. Rd5 Bf8 21. a3 Rac8 22. Rxd8 Rxd8 23.
g4 Kf7 1/2-1/2

[Event "Floripa Chess Open 2024"]
[Site "Florianopolis"]
[Date "2024.01.24"]
[Round "6.36"]
[White "Oliveira, Tiago Batista"]
[Black "Terao, Juliana Sayumi"]
[Result "1/2-1/2"]
[WhiteElo "1953"]
[BlackElo "2198"]
[PlyCount "55"]
[EventDate "2024.01.20"]
[EventRounds "10"]
[EventCountry "BRA"]

1. d4 d5 2. c4 dxc4 3. g3 Nf6 4. Bg2 e6 5. Nf3 Nc6 6. Qa4 Be7 7. Ne5 ({RR} 7.
Qxc4 Qd5 8. Nbd2 O-O 9. O-O Rd8 10. e3 Ne4 11. Qe2 Nxd2 12. Bxd2 Qh5 13. h3 e5
14. g4 Bxg4 15. hxg4 Qxg4 16. Rfe1 Rd6 17. Nxe5 Nxe5 18. dxe5 Qxe2 19. Rxe2 Rd7
20. Bc3 Rad8 21. Bxb7 c5 {Jahncke,G (2244)-Hufendiek,E (1912) Kiel GER 2023
1-0 (36)}) 7... O-O 8. Nxc6 bxc6 9. Qxc4 Rb8 $146 ({RR} 9... Bb7 10. O-O Rb8
11. Nc3 h6 12. Na4 Nh7 13. Nc5 Bxc5 14. Qxc5 Ra8 15. Be3 Qd6 16. Rfc1 Rfc8 17.
Bxc6 Bxc6 18. Qxc6 Qb4 19. b3 Qe7 20. Rc2 Nf6 21. Rac1 Ne8 22. Bf4 Nd6 23. Bxd6
cxd6 24. Qa6 {Dragomirescu,C (2229)-Fazakas,F Miercurea Ciuc 2003 1-0 (49)})
10. a3 Rb6 11. Nc3 Ba6 12. Qa4 c5 13. dxc5 Bxc5 14. O-O Nd5 15. Ne4 Be7 16. Qc2
f5 17. Nc3 Nxc3 18. bxc3 Qb8 19. Re1 Rb3 20. e4 Bc5 21. Be3 Rb2 22. Qc1 Bxe3
23. Qxe3 fxe4 24. Qxe4 Rf6 25. Rab1 Bc4 26. Rxb2 Qxb2 27. Qa8+ Rf8 28. Qxa7
1/2-1/2

[Event "Floripa Chess Open 2024"]
[Site "Florianopolis"]
[Date "2024.01.24"]
[Round "6.37"]
[White "Sega, Carlos Alberto"]
[Black "Dornelles, Marcio Neron Camarg"]
[Result "0-1"]
[WhiteElo "2193"]
[BlackElo "1983"]
[PlyCount "60"]
[EventDate "2024.01.20"]
[EventRounds "10"]
[EventCountry "BRA"]

1. Nf3 Nf6 2. c4 c6 3. g3 d5 4. Bg2 dxc4 5. O-O Nbd7 6. Qc2 Nb6 7. a4 a5 8. Na3
Be6 9. Ng5 Bg4 10. Nxc4 Bxe2 11. Ne5 Bh5 12. b4 e6 13. Nxc6 $146 ({RR} 13. b5
Bd6 {1/2-1/2 (13) Sadkowsky,D (2289)-Houriez,C (2292) Belgium 2012}) ({RR} 13.
b5 Bd6 14. d4 O-O 15. bxc6 bxc6 16. Bd2 Nbd5 17. Qxc6 Rc8 18. Qb5 Bb4 19. Nc6
Qd6 20. Nxb4 axb4 21. a5 Rc2 22. Be3 Be2 23. Qa4 Rb2 24. Rfc1 Nc3 25. Qc6 Qxc6
26. Bxc6 Ba6 27. Re1 h6 {Rodriguez Guerrero,E (2464)-Dunis,A (2534) La Roche
sur Yon 2006 1/2-1/2 (56)}) 13... bxc6 14. Bxc6+ Nfd7 15. Bxa8 Qxa8 16. Bb2 h6
17. bxa5 Qxa5 18. Ne4 Bf3 19. Rfe1 Qh5 20. Re3 f5 21. Nc3 Nc4 22. Nb5 Nxe3 23.
Qc8+ Ke7 24. Ba3+ Kf6 25. Qd8+ Kg6 26. h4 Qg4 27. Kh2 Bxa3 28. Qxh8 Nd1 29.
Rxa3 Nxf2 30. Qe8+ Kh7 0-1

[Event "Floripa Chess Open 2024"]
[Site "Florianopolis"]
[Date "2024.01.24"]
[Round "6.38"]
[White "Lucci, Bruno Wendorff"]
[Black "Caetano, Ryan Wesley Da Cost"]
[Result "0-1"]
[WhiteElo "1931"]
[BlackElo "2184"]
[PlyCount "66"]
[EventDate "2024.01.20"]
[EventRounds "10"]
[EventCountry "BRA"]

1. e4 c5 2. Nf3 d6 3. d4 cxd4 4. Nxd4 Nf6 5. Nc3 a6 6. Bc4 e6 7. Bb3 Nbd7 8. f4
Nc5 9. Qf3 b5 ({RR} 9... Be7 10. g4 d5 11. e5 Nfe4 12. O-O Qc7 13. Nce2 Bd7 14.
c3 Nxb3 15. axb3 f6 16. exf6 Bxf6 17. Be3 O-O 18. Qg2 e5 19. fxe5 Bxe5 20. Rad1
Rae8 21. Rxf8+ Rxf8 22. h3 h5 23. c4 hxg4 24. cxd5 {Filipenko,A (2395)-Akopian,
V (2615) Rostov on Don 1993 0-1}) ({RR} 9... Be7 10. g4 Qc7 11. f5 Nfd7 12. g5
Ne5 13. Qh3 Nxb3 14. axb3 Qc5 15. Be3 Bxg5 16. Bxg5 exf5 17. Nxf5 g6 18. Ng7+
Kf8 19. Qh6 Nf3+ 20. Ke2 Nd4+ 21. Kd3 Kg8 22. Ne8 Ne6 23. Nf6# {1-0 (23)
Klepikov,N (2148)-Dorashava,V (1560) St Petersburg RUS 2022}) 10. O-O Bb7 11.
Re1 $146 ({RR} 11. f5 e5 12. Re1 exd4 13. Nd5 Bxd5 14. Bxd5 Nxd5 15. exd5+ Be7
16. f6 gxf6 17. Qxf6 Kd7 18. Qf5+ Ke8 19. Bg5 Ra7 20. Re2 h6 21. Bf6 Rg8 22.
Rae1 Rg5 23. Rxe7+ Rxe7 24. Rxe7+ {1-0 (24) Van Oosten,J (1850)-Azadmanesh,M  
(2025) Utrecht 1998}) ({RR} 11. f5 e5 12. Nde2 Nfxe4 13. Nxe4 Bxe4 14. Bxf7+
Kxf7 15. Qh5+ Kg8 16. Ng3 Bxc2 17. Rf2 Bd3 18. Bg5 Be7 19. f6 Bxf6 20. Bxf6
gxf6 21. Qg4+ Kf7 22. Nh5 Rg8 23. Qd1 Rg6 24. b4 Ne4 25. Qxd3 Nxf2 {Sosnina,E 
(1750)-Shvedova,A (1969) Moscow RUS 2020 0-1 (33)}) 11... Be7 12. Kh1 O-O 13.
a3 d5 14. e5 Nfe4 15. Nxe4 dxe4 16. Qe3 Nxb3 17. Nxb3 Qc7 18. Bd2 a5 19. Bc3
Bd5 20. Nd2 Bc5 21. Bd4 Bxd4 22. Qxd4 e3 23. Rxe3 Qxc2 24. Ne4 Bxe4 25. Qxe4
Qxb2 26. Rb1 Qf2 27. Rh3 h6 28. Rf3 Qc5 29. Rg3 Rad8 30. f5 Rd4 31. Qe3 exf5
32. Qxh6 Qxe5 33. Rf1 Qxg3 0-1

[Event "Floripa Chess Open 2024"]
[Site "Florianopolis"]
[Date "2024.01.24"]
[Round "6.39"]
[White "Da Rosa, Henrique Jaze Simoe"]
[Black "Bueno, Alfeu Junior Varela"]
[Result "1-0"]
[WhiteElo "1917"]
[BlackElo "2156"]
[PlyCount "103"]
[EventDate "2024.01.20"]
[EventRounds "10"]
[EventCountry "BRA"]

1. Nf3 e6 2. d3 d5 3. g3 c5 4. Bg2 Nc6 5. O-O Nf6 6. c4 Be7 7. cxd5 exd5 ({RR} 
7... Nxd5 8. d4 O-O 9. Nc3 Re8 10. Nxd5 exd5 11. dxc5 Bxc5 12. Ng5 h6 13. Qc2
Bxf2+ 14. Rxf2 hxg5 15. Qd2 g4 16. Bxd5 Be6 17. Bxc6 bxc6 18. Qxd8 Raxd8 19.
Be3 Rd7 20. Bc5 Red8 21. Bb4 Rd4 22. a3 {Yandemirov,V (2535)-Mitenkov,A (2460)
Moscow 1994 1/2-1/2 (44)}) 8. d4 O-O 9. Nc3 ({RR} 9. dxc5 Bxc5 10. a3 Ne4 11.
b4 Be7 12. Nfd2 Bf6 13. Ra2 Qe7 14. Bb2 Re8 15. Nb3 Be6 16. Nd4 Nxd4 17. Bxd4
Bxd4 18. Qxd4 Qf6 19. Qxf6 Nxf6 20. Nd2 Rac8 21. Nf3 Rc4 22. e3 Ne4 23. Nd4 Bd7
{Keinanen,T (2513)-Raag,A (2061) Riga LAT 2023 1-0 (47)}) 9... h6 $146 ({RR} 
9... Be6 10. dxc5 Bxc5 11. Ng5 Qd7 12. Nxe6 fxe6 13. a3 a5 14. e3 Rad8 15. Qc2
Ba7 16. Nb5 Bb6 17. Bd2 e5 18. Rad1 Qf7 19. Qb3 Bc5 20. Rc1 Bd6 21. Nxd6 Rxd6
22. Qa4 Ra8 23. b4 Nd7 24. bxa5 {Karhanek,P (2216)-Wiczynska,A Orlova 2005 1-0
(36)}) ({RR} 9... Bg4 10. dxc5 d4 11. Nb1 Bxc5 12. Nbd2 Re8 13. Nb3 Bb6 14. Bg5
h6 15. Bxf6 Qxf6 16. Nc1 Ne5 17. Nxe5 Rxe5 18. h3 Bh5 19. g4 Bg6 20. Bxb7 Rae8
21. Bf3 Qh4 22. Kg2 h5 23. Nd3 Rg5 24. Rh1 {Plessis,L (1898)-Cochet,C (2086)
Calvi 2005 0-1 (42)}) 10. Bf4 a6 11. Rc1 c4 12. Ne5 Bf5 13. Nxc6 bxc6 14. Re1
Bb4 15. a3 Ba5 16. Qa4 Qb6 17. Bd6 Rfe8 18. Bc5 Qd8 19. b3 cxb3 20. Qxb3 Rb8
21. Qa4 Re6 22. e3 Rb2 23. Bb4 Bxb4 24. axb4 Qb6 25. Bf1 Ng4 26. Nd1 Rxb4 27.
Qxa6 Qxa6 28. Bxa6 Rg6 29. f3 Nf6 30. Rxc6 Rb1 31. Bc8 Bd3 32. Rc3 Bc4 33. Bf5
Ra1 34. Bxg6 fxg6 35. e4 g5 36. e5 Ne8 37. Rce3 Ra2 38. Nc3 Rd2 39. Rd1 Rc2 40.
Na4 Kf7 41. Nc5 Nc7 42. Ra1 Nb5 43. f4 g4 44. f5 Nxd4 45. e6+ Ke8 46. Ra8+ Ke7
47. Ra7+ Ke8 48. Nb7 Nxf5 49. Re5 Rc1+ 50. Kf2 Ke7 51. Na5+ Kf6 52. Nxc4 1-0

[Event "Floripa Chess Open 2024"]
[Site "Florianopolis"]
[Date "2024.01.24"]
[Round "6.40"]
[White "Piasetski, Leon"]
[Black "Ferreira, Andrei Dias"]
[Result "1/2-1/2"]
[WhiteElo "2155"]
[BlackElo "1977"]
[PlyCount "49"]
[EventDate "2024.01.20"]
[EventRounds "10"]
[EventCountry "BRA"]

1. Nf3 Nf6 2. c4 e6 3. g3 b6 4. Bg2 Bb7 5. O-O c5 6. Nc3 a6 7. Re1 Be7 8. e4 d6
9. d4 cxd4 10. Nxd4 Qc7 11. b3 b5 12. Bb2 bxc4 13. Rc1 Nbd7 14. Na4 Rc8 $146 ({
RR} 14... Nb6 15. bxc4 O-O 16. Nxb6 Qxb6 17. Qb3 Nd7 18. Qxb6 Nxb6 19. Ba3 Nd7
20. Nb3 Nc5 21. Rcd1 Rfd8 22. Na5 Rab8 23. Nxb7 Rxb7 24. e5 Rc7 25. exd6 Rxd6
26. Rxd6 Bxd6 27. Rb1 Kf8 28. Rb6 Ke7 29. Kf1 {Marszalek,M (2266)-Hnydiuk,A  
(2400) Police POL 2018 1/2-1/2 (41)}) 15. Rxc4 Qb8 16. Rb4 O-O 17. e5 d5 18.
Rxb7 Qxb7 19. exf6 Bxf6 20. Bf1 Nb6 21. Nc3 Qa7 22. Ba1 Nd7 23. Na4 Nc5 24. Nc3
Nd7 25. Na4 1/2-1/2